Datum a čas kvízu
31.5
Celkem bodů
Celkový počet nahraných bodů na tomto kvízu bez doplňovacích otázek.
4.
Pořadí na kvízu
Konečné umístění týmu na tomto kvízu.
Zaznamenané odpovědi
| # | Otázka | Odpověď | Body | Výsledky |
|---|---|---|---|---|
| 1. | Tým CNN Prima News bude posíle... | Markéta Fialová | 1 | |
| 2. | Česká komisařka Věra Jourová s... | hodnoty a transparentnost | 0 | |
| 3. | Kanadská spisovatelka Margaret... | Příběh služebnice | 1 | |
| 4. | V den svých 55. narozenin odeš... | Alibaba | 0 | |
| 5. | Poražený finalista mužské dvou... | Daniil Sergejevič Medveděv | 1 | |
| 6. | Když už jsme tu měli minulý tý... | dopamin | 0 | |
| 7. | Syn boha války Area a bohyně l... | Erós | 0 | |
| 8. | Příponu -filie mají různá slov... | Alexej | 0 | |
| 9. | Láska je samozřejmě nevyčerpat... | 1B 2D 3A 4C | 1 | |
| 10. | Jak se jmenuje tato filmová po... | William Shakespeare | 1 |